000 00223nam a2200085Ia 4500
008 170617s9999 xx 000 0 und d
100 _aGrubb -Philp
245 0 _aPatents for Chemicals pharmaceutical and Biotechnology
260 _bOxford
260 _c2006
999 _c15737
_d15737